000 00552nam a2200181Ia 4500
003 OSt
005 20240328100143.0
008 210210b1936 xxu||||| |||| 00| 0 eng d
040 _cAL
041 _aKannada
082 _a858/191
100 _aVENKATESHA AYYANGARA MASTI
_9133573
_dಮಾಸ್ತಿ ವೆಂಕಟೇಶ ಅಯ್ಯಂಗಾರ್
245 _aShri ramakrashna
_bಶ್ರೀ ರಾಮಕೃಷ್ಣ
260 _aBengaluru
_bShri Ramakrashnashrama
_c1936
690 _aBiography
_9133576
906 _a020734
942 _2ddc
_cBK
999 _c144888
_d144888